Transfer processes: an introduction to diffusion, convection, and radiation

Uloženo v:
Podrobná bibliografie
Hlavní autoři: Edwards, D. K (Autor), Denny, V. E (Autor)
Další autoři: Mills, Anthony F. (autor)
Médium: Kniha
Jazyk:angličtina
Vydáno: Washington, D.C Hemisphere 1979
Washington, D.C McGraw-Hill 1979
Vydání:2a. ed
Edice:Thermal and Fluid Engineering
Témata:
Tagy: Přidat tag
Žádné tagy, Buďte první, kdo vytvoří štítek k tomuto záznamu!

MARC

LEADER 00000nam a2200000 a 4500
001 UCU7181
003 CL-VaPUC
008 960628e19790000us |||||||||||||||||eng|d
082 0 4 |a 660.284  |b EDW  |2 21 
100 0 |a Edwards, D. K  |e author  |9 365783 
700 0 |a Denny, V. E  |e author  |9 365784 
700 |a Mills, Anthony F.  |e autor  |9 439721 
245 1 0 |a Transfer processes: an introduction to diffusion, convection, and radiation 
250 |a 2a. ed 
300 |a 421 p 
942 |c BK 
945 |d 19960628 00:00:00  |a paguirre 
260 |a Washington, D.C  |b Hemisphere  |c 1979 
260 |a Washington, D.C  |b McGraw-Hill  |c 1979 
650 0 |a Tecnología química   |9 263002 
650 7 |a INDUSTRIA QUIMICA  |2 CL-VaPUC  |9 365786 
650 0 |a Transmisión de calor  |9 259410 
650 0 |a Masa   |9 344731 
650 7 |a ENERGIA RADIANTE  |2 CL-VaPUC  |9 360923 
583 |a last modification  |c 20171017 12:48:39  |k Rodrigo Vera 
490 0 |a Thermal and Fluid Engineering 
999 |c 249869  |d 249867 
952 |0 0  |1 0  |4 0  |6 660_284000000000000_EDW_1979_1979  |7 0  |8 A  |9 267422  |a BIBING  |b BIBING  |d 2019-11-19  |i 1695460  |o 660.284 EDW 1979 1979  |p 1695460  |r 2025-01-20  |w 2019-11-19  |y BK  |k EIQ